| 000 | 00586nam a2200205 i 4500 | ||
|---|---|---|---|
| 001 | 100907 | ||
| 003 | ES-MaACL | ||
| 007 | t| | ||
| 008 | 051006s1983 sp ||||1| spa d | ||
| 100 | 1 |
_aMatthewson, D. K. _979142 |
|
| 245 | 1 | 0 |
_aVideo / _cD. K. Matthewson; versión de M. A. Fernández Alvarez. |
| 250 | _a[1ª ed.]. | ||
| 260 |
_aMadrid : _bAlhambra, _c1983. |
||
| 300 |
_aVIII, 240 p. : _bil. ; _c19 cm. |
||
| 490 | 1 | _aZairos | |
| 700 | 1 |
_aFernández Alvarez, M. A. _949457 |
|
| 830 | 0 |
_aZairos _9181794 |
|
| 852 |
_aES-MaACL _jL-4758 _bR.105207 |
||
| 999 |
_c100907 _d100907 |
||